000 00534nam a2200181Ia 4500
005 20260429112300.0
008 260429s9999||||xx |||||||||||||| ||und||
020 _a9781666869330
041 _aEnglish
082 _a660
_bHAY
100 _aHayden, Nicholas
245 0 _aCharacteristics and development of industrial chemicals /
_cNicholas Hayden
260 _aWilmington :
_bAmerican Academic Publisher,
_c2024.
300 _axv, 296 p.; hb
650 _a Chemical engineering
650 _aIndustrial chemistry
942 _cTB
999 _c53298
_d53298